00241nam a2200097Ia 4500008004100000100001200041245004000053260002500093300000900118650001600127190216s9999||||xx |||||||||||||| ||und|| aTranter 0aTechniques Of Mathematical Analysis bHodder Ans Stoughton a396p aMathematics